000
00334nam a22001457a 4500
008
210311b ||||| |||| 00| 0 eng d
020
_a
9781627667500
041
_a
eng
080
_a
37
082
_a
37
100
_a
46
101
_a
EDU
245
_a
Vocabu-Lit Building Vocabulary Through Reading
_c
Francis, C
942
_2
udc
_c
BK
999
_c
56303
_d
56303